[Event "Titled Tue 3rd Jun Early"]
[Site "chess.com INT"]
[Date "2025.06.03"]
[Round "3"]
[White "Montano Vicente, Guadalupe"]
[Black "Le, Minh Tu"]
[Result "1-0"]
[BlackTitle "FM"]
[WhiteElo "1940"]
[BlackElo "1932"]
[WhiteFideId "5181399"]
[BlackFideId "12404888"]
[EventDate "2025.06.03"]

1. d4 d5 2. c4 dxc4 3. e4 e5 4. Nf3 exd4 5. Bxc4 Bb4+ 6. Nbd2 Nc6 7. O-O Nf6 8.
e5 Nd5 9. Nb3 Bg4 10. h3 Bh5 11. g4 Bg6 12. Nbxd4 O-O 13. Nxc6 bxc6 14. Nd4 Qd7
15. Nxc6 Qxc6 16. Bxd5 Qb5 17. Bxa8 Rxa8 18. Qf3 Re8 19. Bf4 Bd3 20. Rfc1 Be2
21. Qc6 Qb8 22. Qxc7 Qa8 23. Qc6 Qb8 24. a3 Ba5 25. b4 Bb6 26. Ra2 Ba6 27. Rac2
h6 28. b5 Bb7 29. Qd6 Qa8 30. Rc6 Re6 31. Qd5 Bxc6 32. bxc6 Qc8 33. Bg3 Re7 34.
Kg2 Bc7 35. Rc5 Re8 36. f4 Bb6 37. Rc2 Rd8 38. Qc4 Qc7 39. f5 Rc8 40. e6 Qe7 41.
exf7+ Kh7 42. h4 h5 43. g5 Kh8 44. g6 1-0

[Event "Titled Tue 3rd Jun Early"]
[Site "chess.com INT"]
[Date "2025.06.03"]
[Round "3"]
[White "Novosel, Lovro"]
[Black "Gurel, Ediz"]
[Result "0-1"]
[WhiteTitle "FM"]
[BlackTitle "GM"]
[WhiteElo "2346"]
[BlackElo "2636"]
[WhiteFideId "14547120"]
[BlackFideId "44507356"]
[EventDate "2025.06.03"]

1. d4 Nf6 2. c4 e5 3. dxe5 Ng4 4. Nf3 Nc6 5. Bf4 Bb4+ 6. Nc3 Qe7 7. Qd5 f6 8.
exf6 Nxf6 9. Qd3 d6 10. e3 Ne4 11. Nd4 Nxd4 12. Qxd4 Bf5 13. Rc1 O-O 14. Be2
Nxc3 15. bxc3 Bc5 16. Qd5+ Kh8 17. O-O Be4 18. Qh5 Rf5 19. Qh3 Raf8 20. Bg4 R5f7
21. Be6 Rf6 22. Bd5 Bf5 23. Qh4 Qe8 24. Bxb7 c6 25. Kh1 Bd3 26. Rfe1 Bxc4 27. f3
Qd7 28. Bg5 Rg6 29. Qxc4 Rxg5 30. Qa6 Qe6 31. Bxc6 h6 32. Qd3 Qxa2 33. Rc2 Qf7
34. c4 Re5 35. Bd5 Qe7 36. e4 Rh5 37. g3 Qg5 38. Kg2 a5 39. Qd2 Qf6 40. Rf1 a4
41. Ra2 a3 42. f4 Rb8 43. Qc2 Qg6 44. Rb1 Rf8 45. Rb3 Rxf4 46. Qe2 Rf8 47. h4
Re5 48. Kh3 h5 49. Rf3 Rfe8 50. Qf2 Bxf2 51. Raxf2 0-1

[Event "Titled Tue 3rd Jun Early"]
[Site "chess.com INT"]
[Date "2025.06.03"]
[Round "3"]
[White "Shevchenko, Yaroslav"]
[Black "Adewumi, Tanitoluwa"]
[Result "1-0"]
[BlackTitle "FM"]
[WhiteElo "2137"]
[BlackElo "2376"]
[WhiteFideId "34144684"]
[BlackFideId "30966396"]
[EventDate "2025.06.03"]

1. e4 g6 2. d4 Bg7 3. Nf3 d6 4. Nc3 Nf6 5. h3 O-O 6. Be3 c6 7. a4 a5 8. Qd2 Re8
9. O-O-O Na6 10. g4 Nb4 11. Kb1 d5 12. e5 Ne4 13. Nxe4 dxe4 14. Ng5 h6 15. Nxe4
Qd5 16. Nc3 Qxh1 17. Bxh6 Bxh6 18. Qxh6 Nd5 19. Be2 Nxc3+ 20. bxc3 Qd5 21. Bd3
Qf3 22. Re1 c5 23. Bxg6 fxg6 24. Qxg6+ Kf8 25. Qh6+ Kf7 26. e6+ Bxe6 27. Qxe6+
Kg7 28. Re5 Qf6 29. Qd5 Ra6 30. Rg5+ Kh8 31. Rh5+ Kg7 32. Rg5+ Kh7 33. Rh5+ Kg6
34. Qe4+ Kg7 35. Qh7+ Kf8 36. Rf5 cxd4 37. cxd4 Rb6+ 38. Kc1 Rd6 39. g5 Qxf5 40.
Qxf5+ Kg7 41. Qe5+ Kg8 42. h4 Rf8 43. f4 Rdd8 44. h5 e6 45. Qxe6+ Kh8 46. Qh6+
Kg8 47. Qg6+ Kh8 48. h6 Rd7 49. Qe6 Re8 50. Qxd7 Rd8 51. Qg7# 1-0

[Event "Titled Tue 3rd Jun Early"]
[Site "chess.com INT"]
[Date "2025.06.03"]
[Round "3"]
[White "Kleimenov, Nikolay"]
[Black "Devagharan, Devina"]
[Result "1-0"]
[WhiteTitle "CM"]
[BlackTitle "WFM"]
[WhiteElo "2198"]
[BlackElo "1860"]
[WhiteFideId "34414223"]
[BlackFideId "2061600"]
[EventDate "2025.06.03"]

1. e4 c6 2. d4 d5 3. e5 c5 4. dxc5 e6 5. Bd3 Nd7 6. Nf3 Nxc5 7. Be2 Ne7 8. O-O
Nc6 9. Nc3 Be7 10. a3 O-O 11. Bf4 a6 12. b4 Nd7 13. Re1 Qc7 14. Bd3 Nxb4 15.
axb4 Qxc3 16. Bd2 Qc7 17. c3 Rd8 18. Qe2 Nf8 19. Bg5 h6 20. Bxe7 Qxe7 21. Qe3
Bd7 22. Nd4 Rac8 23. Rac1 Qe8 24. Qg3 Bb5 25. Re3 Bxd3 26. Rxd3 Rc4 27. f4 Rdc8
28. f5 exf5 29. Nxf5 Ng6 30. Nd6 Qxe5 31. Nxc4 dxc4 32. Qxe5 Nxe5 33. Rd4 f6 34.
Re1 Rc6 35. Re3 b5 36. Rd5 Kf7 37. Re4 Ke6 38. Rd8 Kf5 39. Red4 g6 40. h3 h5 41.
Kf2 Nd3+ 42. Kf3 Ne5+ 43. Ke3 Re6 44. Rf4+ Kg5 45. h4+ Kh6 46. Re4 Rc6 47. Ke2
Kg7 48. g3 Kf7 49. Red4 Ke7 50. Ra8 Ke6 51. Ke3 Ke7 52. Ra7+ Ke6 53. Kf4 Nd3+
54. Ke4 Ne5 55. Rd8 f5+ 56. Kf4 Nd3+ 57. Kg5 Ke5 58. Re7+ Re6 59. Rxe6+ Kxe6 60.
Kxg6 Nf2 61. Kxh5 Ne4 62. Kg6 Nxc3 63. h5 Nd5 64. h6 Ne7+ 65. Kg7 c3 66. Rd1 f4
67. g4 f3 68. h7 c2 69. Rc1 f2 70. h8=Q 1-0

[Event "Titled Tue 3rd Jun Early"]
[Site "chess.com INT"]
[Date "2025.06.03"]
[Round "3"]
[White "Gattani, Sarthak"]
[Black "Demchenko, Yaroslav"]
[Result "0-1"]
[BlackTitle "CM"]
[WhiteElo "1869"]
[BlackElo "2286"]
[WhiteFideId "30995965"]
[BlackFideId "14186667"]
[EventDate "2025.06.03"]

1. d4 e6 2. c4 d5 3. Nc3 a6 4. Nf3 dxc4 5. a4 Nc6 6. e3 Na5 7. Ne5 c5 8. Nxc4
Nxc4 9. Bxc4 cxd4 10. exd4 Nf6 11. O-O Bb4 12. Bg5 h6 13. Bh4 O-O 14. Qb3 Be7
15. Rad1 Qc7 16. Bxf6 Bxf6 17. d5 Bxc3 18. bxc3 exd5 19. Bxd5 Rb8 20. c4 Bg4 21.
Rd4 Bf5 22. Rfd1 b6 23. Qb2 Bg6 24. h4 Qe5 25. R4d2 Qf4 26. g3 Qc7 27. Rd4 Kh7
28. Rg4 Qc8 29. Qd4 h5 30. Rf4 Qh3 31. Bg2 Qe6 32. Bd5 Qe7 33. Be4 Rbd8 34.
Bxg6+ fxg6 35. Qa1 Rxd1+ 36. Qxd1 Rxf4 37. gxf4 Qxh4 38. Qd6 Qg4+ 39. Kf1 Qh3+
40. Kg1 Qb3 41. Kg2 Qxc4 42. Qxb6 Qxa4 43. f5 gxf5 44. Kg3 Qg4+ 45. Kh2 f4 46.
Qc6 f3 0-1

[Event "Titled Tue 3rd Jun Early"]
[Site "chess.com INT"]
[Date "2025.06.03"]
[Round "3"]
[White "Moghaddamian, Afshin"]
[Black "Miranda Camus, Joaquin Ignacio"]
[Result "0-1"]
[WhiteTitle "CM"]
[BlackTitle "FM"]
[WhiteElo "2126"]
[BlackElo "2196"]
[WhiteFideId "12503886"]
[BlackFideId "3449300"]
[EventDate "2025.06.03"]

1. Nf3 b6 2. g3 Bb7 3. Bg2 e6 4. c4 Nf6 5. Nc3 Be7 6. O-O O-O 7. d4 Ne4 8. Bd2
d6 9. Be1 Nd7 10. Qc2 Nxc3 11. Bxc3 f5 12. Ng5 Bxg5 13. Bxb7 Rb8 14. Bc6 f4 15.
Kg2 Nf6 16. Bf3 Qe7 17. h4 Bh6 18. g4 e5 19. dxe5 dxe5 20. e4 g5 21. hxg5 Bxg5
22. Qb3 c5 23. Rad1 Rbd8 24. Rxd8 Rxd8 25. Rd1 Nd7 26. Qb5 Bf6 27. Qc6 Nf8 28.
Rd5 Ng6 29. Kf1 Re8 30. Rd6 Bg5 31. Be2 f3 32. Bxf3 Rf8 33. Be2 Qf7 34. Qd5 Nf4
35. Qxf7+ Rxf7 36. Rd8+ Bxd8 37. Bxe5 Nxe2 38. Kxe2 Bf6 39. Bd6 Bxb2 40. f4 Rd7
41. e5 Rg7 42. g5 Kf7 43. Kd3 Ke6 44. Ke4 Rf7 45. Bb8 Bc1 46. Bd6 Rxf4+ 0-1

[Event "Titled Tue 3rd Jun Early"]
[Site "chess.com INT"]
[Date "2025.06.03"]
[Round "3"]
[White "Zlatin, Alexander"]
[Black "Scheglov, Gleb"]
[Result "1-0"]
[WhiteTitle "FM"]
[BlackTitle "FM"]
[WhiteElo "2306"]
[BlackElo "2318"]
[WhiteFideId "2810549"]
[BlackFideId "34356266"]
[EventDate "2025.06.03"]

1. e4 a6 2. d4 c6 3. c4 e6 4. d5 cxd5 5. cxd5 Nf6 6. Nc3 Bb4 7. Qd4 Qa5 8. Bd2
exd5 9. a3 Nc6 10. Qd3 O-O 11. exd5 Re8+ 12. Be2 Bxc3 13. Bxc3 Qxd5 14. O-O-O
Qxd3 15. Bxd3 Ne5 16. Bxe5 Rxe5 17. Nf3 Rc5+ 18. Kb1 d5 19. Rc1 Rxc1+ 20. Rxc1
Bd7 21. Rc7 Bc6 22. Ne5 Re8 23. Nxc6 bxc6 24. Bxa6 Kf8 25. Rxc6 Re1+ 26. Ka2 Ke7
27. a4 Ne4 28. a5 Kd7 29. Bb5 Nd6 30. Rc1+ Nxb5 31. Rxe1 Nc7 32. b4 Na6 33. Kb3
Kc6 34. Ka4 Nc7 35. Rc1+ Kb7 36. b5 d4 37. b6 Nd5 38. Kb5 Nc3+ 39. Kc4 Ne2 40.
Re1 Nf4 41. Re7+ Kc6 42. Rc7+ Kd6 43. a6 d3 44. Rc8 Kd7 45. b7 d2 46. b8=Q Ne6
47. Qb7+ Kd6 48. Qd5+ Ke7 49. Qxd2 1-0

[Event "Titled Tue 3rd Jun Early"]
[Site "chess.com INT"]
[Date "2025.06.03"]
[Round "3"]
[White "Vingris, Mikelis"]
[Black "Ejsymont, Blanka"]
[Result "1-0"]
[BlackTitle "WCM"]
[WhiteElo "2102"]
[BlackElo "1907"]
[WhiteFideId "11611731"]
[BlackFideId "21088268"]
[EventDate "2025.06.03"]

1. e4 c5 2. Nf3 Nc6 3. d4 cxd4 4. Nxd4 e5 5. Nb5 d6 6. c4 Nf6 7. N5c3 Be6 8. f3
Rc8 9. Be3 Be7 10. Nd5 Bxd5 11. cxd5 Nb8 12. Nc3 a6 13. a4 Nbd7 14. Be2 Nc5 15.
O-O O-O 16. b4 Ncd7 17. Qb3 a5 18. Nb5 b6 19. bxa5 bxa5 20. Rac1 Nc5 21. Bxc5
Rxc5 22. Rxc5 Qb6 23. Qe3 dxc5 24. Rd1 Rd8 25. g4 h6 26. Kg2 Ne8 27. Qc3 f6 28.
Rb1 Nd6 29. Bc4 h5 30. h3 hxg4 31. hxg4 Kf7 32. Rb2 Nxc4 33. Qxc4 Bd6 34. Rb1
Ke7 35. Rh1 Qb8 36. Rh7 Kf7 37. Qc1 Be7 38. Qh6 Rg8 39. Qh5+ Kf8 40. Qf5 Qd8 41.
Qe6 Qe8 42. d6 Bd8 43. Qd5 Qf7 44. Qxc5 Qd7 45. Qd5 Qf7 46. Rh1 Qxd5 47. exd5
Ke8 48. Rc1 Kd7 49. Rc6 Rh8 50. Ra6 Re8 51. Ra7+ Kc8 52. d7+ Kb8 53. dxe8=Q f5
54. Qxd8# 1-0

[Event "Titled Tue 3rd Jun Early"]
[Site "chess.com INT"]
[Date "2025.06.03"]
[Round "3"]
[White "Kocharin, Timur"]
[Black "Toroptseva, Yevheniia"]
[Result "1-0"]
[WhiteTitle "FM"]
[BlackTitle "WFM"]
[WhiteElo "2324"]
[BlackElo "2064"]
[WhiteFideId "16240936"]
[BlackFideId "34109374"]
[EventDate "2025.06.03"]

1. h4 e5 2. c4 Nf6 3. Nc3 Bb4 4. Qc2 c6 5. a3 Bxc3 6. dxc3 d5 7. cxd5 cxd5 8.
Nf3 Nc6 9. g3 e4 10. Nd2 Bf5 11. Bg2 Qd7 12. Qa4 a6 13. Nf1 b5 14. Qd1 d4 15.
cxd4 Qxd4 16. Ne3 Qxd1+ 17. Kxd1 O-O-O+ 18. Bd2 Nd4 19. Rc1+ Kb8 20. Ke1 Be6 21.
Bc3 Nb3 22. Rd1 Rxd1+ 23. Kxd1 Rd8+ 24. Kc2 Nd4+ 25. Bxd4 Rxd4 26. Rd1 Rxd1 27.
Kxd1 Kc7 28. Kd2 Kd6 29. Kc3 Ke5 30. Kb4 Bc8 31. Kc5 h5 32. Nc2 Ng4 33. f4+ exf3
34. exf3 Nf2 35. f4+ Kf5 36. Bf3 Nd3+ 37. Kb6 Nxb2 38. Nb4 Nc4+ 39. Kc7 Be6 40.
Nxa6 Nxa3 41. Bxh5 g6 42. Bf3 Bc4 43. Nb4 Ke6 44. Kc6 Nb1 45. Bd5+ Bxd5+ 46.
Nxd5 Nd2 47. g4 Nf1 48. Nc7+ Kf6 49. Kxb5 Ne3 50. Ne8+ Ke7 51. Nc7 Nxg4 52. Kc5
Kf6 53. Kd4 Kf5 54. Nd5 Nh2 55. Ke3 Ng4+ 56. Kf3 Nh6 57. Ne3+ Kf6 58. Ke4 Kg7
59. Ke5 Ng8 60. Nd5 Nh6 61. Ne7 Ng4+ 62. Ke4 Kf6 63. Nd5+ Kg7 64. Kf3 Nh6 65.
Ne3 Kf6 66. Ke4 Kg7 67. Ke5 Ng8 68. Kd6 Nh6 69. Ke7 Ng8+ 70. Kd7 Nh6 71. Ke8 Ng8
72. Ng4 Nh6 73. Nxh6 Kxh6 74. Kxf7 1-0

[Event "Titled Tue 3rd Jun Early"]
[Site "chess.com INT"]
[Date "2025.06.03"]
[Round "3"]
[White "Porozhnyak, Maya"]
[Black "Madi, Aidana"]
[Result "0-1"]
[WhiteTitle "WCM"]
[BlackTitle "WFM"]
[WhiteElo "1974"]
[BlackElo "1855"]
[WhiteFideId "34115843"]
[BlackFideId "13722689"]
[EventDate "2025.06.03"]

1. e4 c6 2. d4 d5 3. exd5 cxd5 4. Bb5+ Bd7 5. Bd3 Nc6 6. c3 Nf6 7. h3 g6 8. Nf3
Bf5 9. O-O Bxd3 10. Qxd3 Bg7 11. Re1 O-O 12. Bf4 Rc8 13. Nbd2 Re8 14. Re2 Qb6
15. Nb3 Ne4 16. Rae1 Na5 17. Nxa5 Qxa5 18. a3 Qb6 19. h4 h6 20. Qe3 Kh7 21. Ne5
Qe6 22. f3 Nd6 23. Qc1 Qf5 24. Bg3 e6 25. Nxg6 Qxg6 26. Bxd6 Qh5 27. Bg3 Kh8 28.
Qf4 Rg8 29. Bf2 Qg6 30. g3 Bf6 31. Kh2 Be7 32. Rg1 Qh5 33. Be3 Kh7 34. Reg2 Rg7
35. Bf2 Rd8 36. Qe3 Bd6 37. f4 Qg4 38. Be1 Qg6 39. Qf3 Kh8 40. Kh3 Qf5+ 41. Kh2
Qg6 42. Bd2 Qf6 43. Kh3 Qf5+ 44. g4 Qc2 45. Be3 Qg6 46. f5 Qf6 47. Bf4 Be7 48.
Be5 Qxh4# 0-1

[Event "Titled Tue 3rd Jun Early"]
[Site "chess.com INT"]
[Date "2025.06.03"]
[Round "3"]
[White "Rahman, Masruri"]
[Black "Lazavik, Denis"]
[Result "0-1"]
[WhiteTitle "FM"]
[BlackTitle "GM"]
[WhiteElo "2407"]
[BlackElo "2577"]
[WhiteFideId "7101163"]
[BlackFideId "13515110"]
[EventDate "2025.06.03"]

1. d4 d5 2. Bf4 c5 3. e3 Nc6 4. Nf3 cxd4 5. exd4 Bf5 6. c3 e6 7. Qb3 Qd7 8. Ne5
Nxe5 9. Bxe5 Ne7 10. Nd2 Nc6 11. Nf3 f6 12. Bg3 g5 13. h3 h5 14. Be2 Kf7 15. Qd1
Bd6 16. Bxd6 Qxd6 17. Bd3 Kg7 18. Bxf5 exf5 19. O-O Rae8 20. Qd3 Qd7 21. Rfe1 h4
22. Rxe8 Rxe8 23. Re1 Re4 24. Kf1 Qe6 25. Re2 Qd6 26. Kg1 Ne7 27. Nd2 Rxe2 28.
Qxe2 Ng6 29. Nf1 Qd7 30. Ne3 Nf4 31. Qc2 Kg6 32. Kh2 Qe6 33. b3 b5 34. a4 bxa4
35. bxa4 Nh5 36. c4 dxc4 37. Qxc4 Qxc4 38. Nxc4 Nf4 39. a5 Nd5 40. Kg1 Kf7 41.
Kf1 Ke6 42. Ke2 Ne7 43. Kd3 Nc6 44. Kc3 f4 45. Nd2 Nxa5 46. Kb4 Nb7 47. Kc4 a5
48. d5+ Ke5 49. Nf3+ Ke4 50. Nd2+ Ke5 51. Nf3+ Kd6 52. Nd4 a4 53. Nb5+ Ke5 54.
Nc3 a3 55. Kb3 Kd4 56. Nb5+ Kxd5 57. Nxa3 Nd6 58. Kc2 Ke4 59. Kd2 f3 0-1

[Event "Titled Tue 3rd Jun Early"]
[Site "chess.com INT"]
[Date "2025.06.03"]
[Round "3"]
[White "Ambartsumian, Tyhran"]
[Black "Kopczynski, Michal"]
[Result "1-0"]
[WhiteTitle "CM"]
[BlackTitle "CM"]
[WhiteElo "2179"]
[BlackElo "2225"]
[WhiteFideId "34161112"]
[BlackFideId "1124200"]
[EventDate "2025.06.03"]

1. e4 b6 2. d4 Bb7 3. Nc3 e6 4. Bd3 Nf6 5. Nh3 d5 6. e5 Nfd7 7. Ne2 c5 8. c3 Nc6
9. O-O Qc7 10. a3 h6 11. Kh1 O-O-O 12. f4 f5 13. Be3 Be7 14. b4 c4 15. Bc2 Rdg8
16. Rg1 g5 17. g4 fxg4 18. Rxg4 h5 19. Rxg5 Bxg5 20. Nxg5 Rxg5 21. fxg5 Qd8 22.
Bf4 Ncxe5 23. dxe5 d4+ 24. Kg1 d3 25. Bxd3 cxd3 26. Qxd3 Rg8 27. Rd1 Rxg5+ 28.
Bxg5 Qxg5+ 29. Qg3 Qf5 30. Qg8+ Kc7 31. Qg7 Bd5 32. c4 Qc2 33. Re1 Bxc4 34. Ng3
Bd5 35. Ne2 Bc4 36. Ng3 b5 37. Ne2 Bd5 38. Qg3 Bc4 39. Qc3 Qe4 40. Ng3 Qf4 41.
Qe3 Qxe3+ 42. Rxe3 Kb6 43. Nxh5 Kc6 44. Nf4 Bb3 45. h4 Bc4 46. h5 Nf8 47. h6 Nh7
48. Rg3 Ng5 49. Rxg5 1-0

[Event "Titled Tue 3rd Jun Early"]
[Site "chess.com INT"]
[Date "2025.06.03"]
[Round "3"]
[White "Sabatier, Mathis"]
[Black "Gales, Randi-Ioan"]
[Result "1-0"]
[WhiteTitle "CM"]
[BlackTitle "CM"]
[WhiteElo "2235"]
[BlackElo "2290"]
[WhiteFideId "26029685"]
[BlackFideId "1285360"]
[EventDate "2025.06.03"]

1. e4 c5 2. Nf3 Nc6 3. Bb5 g5 4. Nxg5 Nf6 5. O-O h6 6. Nf3 Nxe4 7. d4 d5 8. Ne5
Qc7 9. Re1 e6 10. c4 cxd4 11. cxd5 Qxe5 12. dxc6 Qxb5 13. Rxe4 Bc5 14. Na3 Qxc6
15. Qd3 Rg8 16. g3 b6 17. Bf4 Bb7 18. Rae1 a6 19. Nc4 O-O-O 20. Ne5 Qd5 21. f3
f6 22. Nc4 e5 23. b4 Bxb4 24. Nxb6+ Kb8 25. Nxd5 Rxd5 26. Bd2 Bd6 27. Qb3 Rd8
28. a4 Rc5 29. Rb1 Rd7 30. Bb4 Bd5 31. Qb2 Rb7 32. Bxc5 Bxc5 33. Qc1 d3+ 34. Kg2
Bxe4 35. fxe4 Bd4 36. Rxb7+ Kxb7 37. Qb1+ Kc6 38. Qxd3 Kc5 39. Qc2+ Kb4 40. Qc6
a5 41. Qb5+ Kc3 42. Qxa5+ Kd3 43. Qb5+ Kxe4 44. a5 f5 45. a6 f4 46. gxf4 exf4
47. Qb7+ Ke3 48. a7 Ke2 49. a8=Q h5 50. Qe4+ Be3 51. Qa2+ Kd1 52. Qeb1+ Bc1 53.
Qac2+ Ke1 54. Qbxc1# 1-0

[Event "Titled Tue 3rd Jun Early"]
[Site "chess.com INT"]
[Date "2025.06.03"]
[Round "3"]
[White "Tristan, Leonardo"]
[Black "El Zein, Zayne-Eddine"]
[Result "1-0"]
[WhiteTitle "GM"]
[BlackTitle "CM"]
[WhiteElo "2536"]
[BlackElo "2146"]
[WhiteFideId "113816"]
[BlackFideId "5313210"]
[EventDate "2025.06.03"]

1. d4 d6 2. Nf3 Nf6 3. Nc3 g6 4. e4 Bg7 5. Be2 O-O 6. O-O Bg4 7. h3 Bxf3 8. Bxf3
e5 9. dxe5 dxe5 10. Be3 Nc6 11. Qxd8 Rfxd8 12. Rfe1 a6 13. g3 Nd4 14. Bd1 c6 15.
f3 Nd7 16. Kf2 Nb6 17. b3 Bf8 18. Ne2 Nc8 19. c3 Ne6 20. Bc2 Bc5 21. b4 Bxe3+
22. Kxe3 Nb6 23. Bb3 Kf8 24. a3 Ke7 25. Nc1 a5 26. Nd3 Nd7 27. f4 axb4 28. axb4
b5 29. fxe5 Nb6 30. Rf1 h5 31. h4 Rxa1 32. Rxa1 Ra8 33. Rxa8 Nxa8 34. Nf4 Nb6
35. Bxe6 fxe6 36. Nxg6+ Kf7 37. Nf4 Nc4+ 38. Kd4 Nd2 39. Nxh5 Nf3+ 40. Kc5 Nxe5
41. Nf4 Kf6 42. Kd6 Nc4+ 43. Kxc6 Ne3 44. Kxb5 Nf1 45. Ne2 Ke5 46. h5 Ne3 47. c4
Kxe4 48. h6 Nf5 49. h7 Nd6+ 50. Kc6 Nf7 51. b5 Kd3 52. Nf4+ Kxc4 53. Nxe6 Ne5+
54. Kc7 Ng6 55. b6 1-0

[Event "Titled Tue 3rd Jun Early"]
[Site "chess.com INT"]
[Date "2025.06.03"]
[Round "3"]
[White "Jai Sankar Subramanian"]
[Black "Iskusnyh, Sergei"]
[Result "1/2-1/2"]
[WhiteTitle "FM"]
[BlackTitle "GM"]
[WhiteElo "2307"]
[BlackElo "2440"]
[WhiteFideId "25931970"]
[BlackFideId "4120027"]
[EventDate "2025.06.03"]

1. Nf3 d5 2. c4 c6 3. cxd5 cxd5 4. g3 Nc6 5. Bg2 Nf6 6. O-O Bf5 7. d3 e6 8. Re1
Be7 9. Nc3 O-O 10. Nh4 Bg4 11. h3 Bh5 12. g4 Bg6 13. Nxg6 hxg6 14. e4 d4 15. Ne2
e5 16. Ng3 Nh7 17. f4 exf4 18. Bxf4 Bg5 19. Rf1 Bxf4 20. Rxf4 Qd6 21. Qd2 g5 22.
Rf3 Ne5 23. Rff1 Nxg4 24. hxg4 Qxg3 25. Rf3 Qxg4 26. Raf1 Rae8 27. Qb4 Qd7 28.
Rf5 g4 29. Rd5 Qe7 30. Qxd4 Ng5 31. Rdf5 Rd8 32. Qe3 Ne6 33. Rd5 Qh4 34. Rdf5 g6
35. Rf6 Ng5 36. Qf4 Rxd3 37. Rxg6+ fxg6 38. Qxf8+ Kh7 39. Qe7+ Kh6 40. Qf8+ Kh7
41. Qe7+ Kh6 42. Qf8+ Kh7 1/2-1/2

[Event "Titled Tue 3rd Jun Early"]
[Site "chess.com INT"]
[Date "2025.06.03"]
[Round "3"]
[White "Olhovik, Andrei"]
[Black "Bolashakov, Nurali"]
[Result "1-0"]
[WhiteTitle "FM"]
[BlackTitle "CM"]
[WhiteElo "2282"]
[BlackElo "2184"]
[WhiteFideId "13507397"]
[BlackFideId "13792105"]
[EventDate "2025.06.03"]

1. d4 Nf6 2. c4 g6 3. Nc3 d5 4. Bg5 Ne4 5. Bh4 Nxc3 6. bxc3 dxc4 7. e3 Bg7 8.
Bxc4 O-O 9. Nf3 c5 10. O-O Nc6 11. Qa4 Bd7 12. Qa3 b6 13. dxc5 Qc7 14. Rfd1 Bg4
15. Bg3 e5 16. Bd5 Rfd8 17. h3 Rxd5 18. Rxd5 Bxf3 19. gxf3 Qe7 20. Qa4 Na5 21.
cxb6 axb6 22. Rad1 h5 23. Qb4 Qg5 24. h4 Qf5 25. Qe4 Qxe4 26. Rd8+ Rxd8 27.
Rxd8+ Kh7 28. fxe4 Nc4 29. Kg2 f6 30. Rd7 Kh6 31. Rc7 Nd6 32. f3 Bf8 33. c4 g5
34. hxg5+ Kxg5 35. f4+ Kg4 36. fxe5 Nxe4 37. Bf4 fxe5 38. Bxe5 h4 39. Rc6 h3+
40. Kh2 Bc5 41. Bd4 Kf3 42. Kxh3 Ke2 43. Kg4 Kd3 44. Kf5 Bxd4 45. exd4 Kxd4 46.
Rxb6 Nc5 47. Rb4 Kc3 48. a3 Nd3 49. Rb8 Kxc4 50. a4 1-0

[Event "Titled Tue 3rd Jun Early"]
[Site "chess.com INT"]
[Date "2025.06.03"]
[Round "3"]
[White "Jovic, Stanoje"]
[Black "Andrade, Ivan"]
[Result "0-1"]
[WhiteTitle "FM"]
[BlackTitle "FM"]
[WhiteElo "2096"]
[BlackElo "2161"]
[WhiteFideId "905020"]
[BlackFideId "14800039"]
[EventDate "2025.06.03"]

1. c4 Nf6 2. g3 g6 3. Bg2 Bg7 4. Nc3 O-O 5. Nf3 d6 6. O-O c6 7. d3 e5 8. Rb1 h6
9. b4 Be6 10. e4 Qc8 11. a4 Bh3 12. a5 Bxg2 13. Kxg2 a6 14. h3 Nbd7 15. Be3 Ne8
16. Qd2 Kh7 17. d4 exd4 18. Bxd4 Ne5 19. Nxe5 dxe5 20. Bc5 Rg8 21. Na4 Qe6 22.
Nb6 Rb8 23. Rbd1 Nf6 24. Qe2 Rbd8 25. f3 Nh5 26. Rxd8 Rxd8 27. Rd1 Qe8 28. Rd3
f5 29. Qd2 Rxd3 30. Qxd3 f4 31. g4 Nf6 32. Qd6 Qf7 33. Qe7 Kg8 34. Qxe5 Nd7 35.
Qe7 Nxc5 36. Qxc5 Bf8 37. Qd4 Bxb4 38. Nd7 Qe7 39. e5 Bxa5 40. Nf6+ Kg7 41. Qxf4
Bc7 42. g5 hxg5 43. Qxg5 Qxe5 44. Qxe5 Bxe5 45. Nd7 Bd4 46. Kf1 a5 47. Ke2 a4
48. Kd3 a3 0-1

[Event "Titled Tue 3rd Jun Early"]
[Site "chess.com INT"]
[Date "2025.06.03"]
[Round "3"]
[White "Xiong, Jeffery"]
[Black "Haussernot, Cecile"]
[Result "1/2-1/2"]
[WhiteTitle "GM"]
[BlackTitle "WIM"]
[WhiteElo "2636"]
[BlackElo "2108"]
[WhiteFideId "2047640"]
[BlackFideId "601632"]
[EventDate "2025.06.03"]

1. e4 e5 2. Nf3 Nf6 3. Nc3 Nc6 4. d4 exd4 5. Nxd4 Bb4 6. Nxc6 bxc6 7. Bd3 O-O 8.
O-O d5 9. exd5 Bg4 10. f3 Bh5 11. dxc6 Qd4+ 12. Kh1 Bxc3 13. bxc3 Qxc3 14. Rb1
Bg6 15. Rb3 Qxc6 16. Bb2 Rad8 17. Qa1 Nh5 18. Be5 Rd5 19. Rc3 Qe6 20. Bxc7 Bxd3
21. cxd3 Qe2 22. Re1 Qd2 23. Ra3 Rg5 24. Rg1 Rc8 25. Rxa7 Qf2 26. Rb7 Rc5 27.
Qe1 Qxa2 28. Qe7 Qd5 29. Rb8 Rxb8 30. Bxb8 Rc8 31. Be5 Qxd3 32. Qg5 Qg6 33. Qxg6
hxg6 34. g4 Nf6 35. Rd1 Rc2 36. Rd8+ Kh7 37. Kg1 Re2 38. Bg3 g5 39. h4 gxh4 40.
Bxh4 Kg6 41. Bg3 Ra2 42. Rd6 Kg5 43. Rc6 Rb2 44. Rc5+ Kg6 45. Rc6 Ra2 46. Bh4
Rb2 47. g5 Kh5 48. gxf6 Kxh4 49. fxg7 Rb8 50. Rh6+ Kg3 51. Kf1 Rg8 52. Rh7 Kxf3
53. Kg1 Kg4 54. Kf2 Kg5 55. Kf3 Kg6 56. Rh1 Rxg7 57. Kf4 Kf6 58. Rh6+ Ke7 59.
Ra6 Rh7 60. Kg5 Rg7+ 61. Kf5 Rg1 62. Ra7+ Kf8 63. Kf4 Kg7 64. Ra6 Rf1+ 65. Kg3
Rf6 66. Rxf6 Kxf6 67. Kf4 Kg6 68. Kg4 1/2-1/2

[Event "Titled Tue 3rd Jun Early"]
[Site "chess.com INT"]
[Date "2025.06.03"]
[Round "3"]
[White "Musial, Igor"]
[Black "Wagner, Dennis"]
[Result "0-1"]
[WhiteTitle "FM"]
[BlackTitle "GM"]
[WhiteElo "2304"]
[BlackElo "2616"]
[WhiteFideId "21858110"]
[BlackFideId "24650684"]
[EventDate "2025.06.03"]

1. e4 e6 2. d4 d5 3. Nc3 Nf6 4. e5 Nfd7 5. f4 c5 6. Nf3 Nc6 7. Be3 a6 8. a3 cxd4
9. Nxd4 Bc5 10. b4 Be7 11. Be2 a5 12. b5 Nxd4 13. Bxd4 a4 14. O-O Bc5 15. Bxc5
Nxc5 16. f5 exf5 17. Qxd5 Qb6 18. Qd6 Qxd6 19. exd6 Be6 20. Bf3 Kd7 21. Rfd1
Rhc8 22. Rd4 g5 23. g3 Ra7 24. Nd5 Bxd5 25. Rxd5 g4 26. Bg2 b6 27. Rad1 Ke6 28.
Re1+ Ne4 29. Rd4 Ke5 30. d7 Rd8 31. c3 Raxd7 32. Bxe4 fxe4 33. Rexe4+ Kf5 34.
Rf4+ Ke6 35. Rde4+ Kd5 36. Rxg4 f5 37. Rd4+ Ke5 38. Rxd7 Rxd7 39. Rxa4 Rd3 40.
Rc4 Rd2 41. a4 Ra2 42. Rc6 Ke4 43. Rf6 Rxa4 44. Rxb6 Kf3 45. h4 Kxg3 46. Kf1 f4
47. Re6 Ra1+ 48. Re1 Ra2 49. Rb1 f3 50. b6 Rh2 51. Ke1 Rh1+ 0-1